000
00292nam a22001217a 4500
008
170616b xxu||||| |||| 00| 0 eng d
041
_a
eng
080
_a
32
100
_a
20
101
_a
SHP
245
_a
POLITICAN SCIENCE THE STATE OF THE DISCPLINE
_c
FINIFTER.A.W
942
_2
udc
_c
BK
999
_c
17841
_d
17841